Statistics for Groups of Two #3

Click here to take the quiz!

General Stats

  • This quiz has been taken 37,783 times
    (16,545 since last reset)
  • The average score is 27 of 48

Answer Stats

Category Answer % Correct
Major African desertsSahara
95%
Countries that start with ZZimbabwe
95%
Holiest cities of IslamMecca
92%
Countries that start with ZZambia
89%
Landlocked South American countriesParaguay
89%
Landlocked South American
countries
Bolivia
88%
First people to walk on
the moon
Neil Armstrong
88%
Founders of RomeRomulus
74%
Founders of RomeRemus
73%
Epic poems attributed to HomerIliad
73%
Ingredients in a screwdriver cocktailVodka
71%
U.S. Presidents over 6'3" tallAbraham Lincoln
70%
First people to walk on the moonBuzz Aldrin
66%
Epic poems attributed to HomerOdyssey
65%
Capitals of BoliviaLa Paz
62%
U.S. state capitals that have
hosted the Olympics
Atlanta
62%
Most influential ancient
Chinese philosophers
Confucius
61%
Political brothers of JFKRobert
60%
Major U.S. stock exchangesNYSE
60%
Cities of "Tale of Two Cities"London
60%
Major U.S. Civil War battles fought on Union soilGettysburg
60%
Factions of CyprusTurkish
59%
Holiest cities of IslamMedina
58%
Factions of CyprusGreek
58%
Biblical cities destroyed
by fire and brimstone
Sodom
57%
Cities of "Tale of Two Cities"Paris
56%
Biblical cities destroyed by fire and brimstoneGomorrah
55%
Ingredients in
a screwdriver cocktail
Orange Juice
54%
Main ethnic groups of RwandaTutsi
53%
Main ethnic groups of RwandaHutu
51%
Major African desertsKalahari
47%
Capitals of BoliviaSucre
47%
Types of British lawyersBarrister
46%
U.S. state capitals that have hosted the OlympicsSalt Lake City
44%
Major U.S. stock exchangesNasdaq
43%
Political brothers of JFKTed
42%
Gangs of West Side StoryJets
40%
Sex organs of a flowerStamen
39%
People allegedly killed
by O.J. Simpson
Nicole Brown Simpson
38%
Gangs of West Side StorySharks
37%
Sex organs of a flowerPistil
33%
Types of British lawyersSolicitor
32%
Most influential ancient Chinese philosophersLaozi
31%
Moons of MarsPhobos
23%
U.S. Presidents over 6'3" tallLyndon B. Johnson
23%
Moons of MarsDeimos
20%
Major U.S. Civil War battles
fought on Union soil
Antietam
17%
People allegedly killed by O.J. SimpsonRonald Goldman
17%

Score Distribution

Percentile by Number Answered

Percent of People with Each Score

Your Score History

You have not taken this quiz since the last reset